000 01122nam a2200289 c 4500
003 BLK
005 20180422111950.0
008 180409b bul|||||r ||||||| ||bul||
010 _aKNG00142276000
040 _aBLK
041 _aBUL
_cBUL
080 _aБългарска литература
_b821.163.2
_x-93-1
_z821.163.2-93-1
100 1 _aГолев, Владимир Иванов
_eпърви автор
_9365746
700 1 _aВенов, Симеон Здравков
_eхудож.
_9368591
139 _aГолев, Владимир Иванов
_bГ 63
245 1 0 _aСтъпки в гората
_bСтихове за деца
_cВладимир Иванов Голев; худож. Симеон Здравков Венов.
257 _aBGR
260 София
_bБълг. писател
_c1969
300 _a63 с.
_bс ил.
_c25 см
380 _aDX
500 _a5 100 тир.
852 _aЦб 257858
856 4 _qpdf
_u
856 4 _qpdf
_u
942 _cKNG
_n0
944 _aCR
_c20.04.2013
_l20.04.2013 - от С1,Р / 20.04.2013
_kИрена_Русанова
944 _aED
_c20.04.2013
_l20.04.2013 - от С1,Р / 20.04.2013
_k
999 _c136335
_d136335